| 000 | 00000nam 2200000zi 4500 |
| 001 | 9.891925 |
| 003 | CaOODSP |
| 005 | 20230818074119 |
| 006 | m o d f |
| 007 | cr |n||||||||| |
| 008 | 200930s1995 onc o f000 0|eng d |
| 040 | |aCaOODSP|beng|erda|cCaOODSP |
| 043 | |an-cn--- |
| 086 | 1 |aIu173-26/1995E-PDF |
| 245 | 00|aCanadian company capabilities product (CCC) marketing plan / |cby IGW Canada Inc. |
| 246 | 37|aCCC marketing plan |
| 264 | 1|a[Ottawa] : |bIndustry Canada, Strategic Information Branch, |c[1995] |
| 300 | |a1 online resource (1 volume (various pagings)) |
| 336 | |atext|btxt|2rdacontent |
| 337 | |acomputer|bc|2rdamedia |
| 338 | |aonline resource|bcr|2rdacarrier |
| 500 | |aDigitized edition from print [produced by Innovation, Science and Economic Development Canada]. |
| 650 | 0|aCommercial products|zCanada|vDatabases. |
| 650 | 0|aBusiness enterprises|zCanada|vDatabases. |
| 650 | 0|aCorporations|zCanada|vDatabases. |
| 650 | 6|aProduits commerciaux|zCanada|vBases de données. |
| 650 | 6|aEntreprises|zCanada|vBases de données. |
| 650 | 6|aSociétés|zCanada|vBases de données. |
| 710 | 1 |aCanada. |bIndustry Canada, |eissuing body. |
| 710 | 2 |aIGW Information Group West Corporation, |econsultant. |
| 856 | 40|qPDF|s1.71 MB|uhttps://publications.gc.ca/collections/collection_2023/isde-ised/Iu173-26-1995-eng.pdf |